[Event "15th Asian-ch"]
[Site "Chengdu CHN"]
[Date "2017.05.17"]
[Round "6"]
[White "Kakabaev, Mergen"]
[Black "Wang Ting Hao"]
[Result "1-0"]
[WhiteElo "2350"]
[BlackElo "1652"]
[EventDate "2017.05.12"]
[PlyCount "105"]

1.e4 c5 2.Nf3 g6 3.c4 Bg7 4.d4 cxd4 5.Nxd4 Nc6 6.Be3 Nf6 7.Nc3 Ng4 8.Qxg4 
Nxd4 9.Qd1 Ne6 10.Qd2 Qa5 11.Rc1 d6 12.Be2 O-O 13.O-O b6 14.Rfd1 Bb7 15.f3
Kh8 16.Bf1 Qe5 17.b4 g5 18.Nd5 Rfe8 19.g3 h5 20.Qg2 h4 21.f4 gxf4 22.gxf4 
Qh5 23.Be2 Qh7 24.Bg4 Rg8 25.Kh1 Bh6 26.Qf3 Rxg4 27.Qxg4 Qxe4+ 28.Qg2 Bxd5
29.cxd5 Qxe3 30.dxe6 Rg8 31.Qc6 Qxe6 32.Rg1 Bxf4 33.Rxg8+ Kxg8 34.Qc8+ 
Qxc8 35.Rxc8+ Kg7 36.Rc7 Bd2 37.Rxe7 Bxb4 38.Rxa7 Ba5 39.Rc7 Kf6 40.Rc4 h3
41.Rh4 d5 42.Rxh3 d4 43.Kg2 Ke5 44.Kf3 d3 45.Ke3 d2 46.Ke2 f5 47.Rd3 Kf4 
48.Rd4+ Kg5 49.a4 f4 50.Rxd2 Kg4 51.Rd3 Bb4 52.h3+ Kg5 53.Rd5+ 1-0

[Event "15th Asian-ch"]
[Site "Chengdu CHN"]
[Date "2017.05.17"]
[Round "6"]
[White "Winkelman, Albert"]
[Black "Deng Tianle"]
[Result "1-0"]
[WhiteElo "2029"]
[BlackElo "2105"]
[EventDate "2017.05.12"]
[PlyCount "139"]

1.e4 e5 2.Nf3 Nc6 3.Bb5 a6 4.Ba4 Nf6 5.O-O Be7 6.Re1 b5 7.Bb3 d6 8.c3 O-O 
9.h3 Bb7 10.d4 Re8 11.Nbd2 exd4 12.cxd4 Nd7 13.Nf1 Na5 14.Bc2 Bf6 15.Bf4 
Nf8 16.Rc1 c5 17.dxc5 dxc5 18.Qxd8 Bxd8 19.b3 Rc8 20.Bd3 Ne6 21.Be3 Be7 
22.Ng3 Bf8 23.Rc2 c4 24.bxc4 bxc4 25.Bf1 Nc5 26.Bd2 c3 27.Rxc3 Nc6 28.Rb1 
Rc7 29.Be3 Nd8 30.Rbc1 Nde6 31.Nd4 Nxd4 32.Bxd4 Rec8 33.f3 g6 34.Ne2 a5 
35.Nf4 Bh6 36.Rxc5 Bxf4 37.Rxc7 Rxc7 38.Rxc7 Bxc7 39.Bb5 h5 40.Kf2 Kf8 41.
Bf6 Bd6 42.Bd8 Bb4 43.Ke3 Kg7 44.Kd4 f6 45.Kc4 Bc8 46.Kd5 Kf7 47.Kc6 Be6 
48.a4 g5 49.e5 fxe5 50.Bxg5 Kg6 51.Be3 Kf5 52.Bd3+ Kf6 53.g4 Bb3 54.Kb5 
Bd1 55.g5+ Kg7 56.f4 exf4 57.Bxf4 Bb3 58.Be5+ Kf8 59.g6 Be6 60.Bc4 Bxc4+ 
61.Kxc4 Ke7 62.Kb5 Ke6 63.Bc7 Kf6 64.Bxa5 Bd6 65.Bd8+ Kxg6 66.h4 Kf7 67.
Kc6 Be5 68.a5 Ke8 69.a6 Bb8 70.Kb7 1-0

[Event "15th Asian-ch"]
[Site "Chengdu CHN"]
[Date "2017.05.18"]
[Round "7"]
[White "Yu Yangyi"]
[Black "Wang Hao"]
[Result "1/2-1/2"]
[WhiteElo "2743"]
[BlackElo "2680"]
[EventDate "2017.05.12"]
[PlyCount "85"]

1.d4 d5 2.c4 c6 3.Nf3 Nf6 4.Qc2 dxc4 5.Qxc4 Bf5 6.g3 e6 7.Bg2 Be7 8.O-O 
O-O 9.e3 Nbd7 10.Qe2 Qc7 11.Nc3 e5 12.dxe5 Nxe5 13.Nxe5 Qxe5 14.e4 Bg4 15.
f3 Be6 16.Be3 Rfd8 17.f4 Qh5 18.Qxh5 Nxh5 19.Rfd1 g6 20.Na4 Nf6 21.Bc5 Kf8
22.Bxe7+ Kxe7 23.Nc5 b6 24.Nxe6 fxe6 25.e5 Nd5 26.Be4 Rd7 27.Kf2 Rad8 28.
Ke2 c5 29.h4 Kf7 30.h5 Ne7 31.hxg6+ hxg6 32.Rxd7 Rxd7 33.Rh1 Kg7 34.g4 Rd4
35.Ke3 Nd5+ 36.Kf3 Rd2 37.f5 gxf5 38.gxf5 exf5 39.Bxf5 Ne7 40.Rh7+ Kf8 41.
Rh8+ Kg7 42.Rh7+ Kf8 43.Rh8+ 1/2-1/2

[Event "15th Asian-ch"]
[Site "Chengdu CHN"]
[Date "2017.05.18"]
[Round "7"]
[White "Aravindh, Chithambaram"]
[Black "Bu Xiangzhi"]
[Result "0-1"]
[WhiteElo "2588"]
[BlackElo "2697"]
[EventDate "2017.05.12"]
[PlyCount "72"]

1.e4 c5 2.Nf3 Nc6 3.d4 cxd4 4.Nxd4 g6 5.Nc3 Bg7 6.Be3 Nf6 7.Bc4 O-O 8.Bb3 
d6 9.f3 Bd7 10.Qd2 Na5 11.h4 h5 12.O-O-O Rc8 13.Kb1 Re8 14.Bh6 Nc4 15.Bxc4
Rxc4 16.Bxg7 Kxg7 17.Nd5 e5 18.Nxf6 Qxf6 19.Ne2 Rc6 20.Qe3 Be6 21.g4 Rh8 
22.Rdg1 hxg4 23.fxg4 d5 24.Rf1 Qd8 25.h5 d4 26.Qd2 g5 27.h6+ Kh7 28.Ng3 f6
29.Nf5 Qc7 30.Ng7 Bxg4 31.Rhg1 Qd7 32.Rg3 Rhc8 33.Qf2 Rxc2 34.Qxf6 Qb5 35.
Rb3 Qc4 36.Qxg5 Qxf1+ 0-1

[Event "15th Asian-ch"]
[Site "Chengdu CHN"]
[Date "2017.05.18"]
[Round "7"]
[White "Ganguly, Surya Shekhar"]
[Black "Adhiban, Baskaran"]
[Result "1/2-1/2"]
[WhiteElo "2653"]
[BlackElo "2672"]
[EventDate "2017.05.12"]
[PlyCount "103"]

1.d4 Nf6 2.Nf3 e6 3.c4 c5 4.d5 d6 5.Nc3 exd5 6.cxd5 g6 7.g3 Bg7 8.Bg2 O-O 
9.O-O Nbd7 10.Bf4 Qe7 11.Re1 Ng4 12.Bg5 f6 13.Bd2 Nge5 14.Qc2 a6 15.a4 Rb8
16.Rab1 Nc4 17.Bc1 Nde5 18.Nxe5 Nxe5 19.f4 Nf7 20.e4 f5 21.Bd2 b5 22.exf5 
Bxf5 23.Be4 Bxe4 24.Nxe4 Bd4+ 25.Be3 Bxe3+ 26.Rxe3 Nh6 27.Ree1 Nf5 28.axb5
axb5 29.Ng5 Qb7 30.Qg2 Nd4 31.Ne6 Rf5 32.g4 Rf6 33.Rbd1 Nxe6 34.dxe6 Qxg2+
35.Kxg2 Rxf4 36.Kg3 Rd4 37.Rxd4 cxd4 38.Rf1 d3 39.Rf3 Re8 40.Rxd3 Rxe6 41.
Rd5 Re3+ 42.Kf4 Rb3 43.Rxd6 Rxb2 44.h4 Rf2+ 45.Ke5 Kg7 46.Rb6 Re2+ 47.Kf4 
Rf2+ 48.Ke5 h5 49.g5 Re2+ 50.Kd6 Re4 51.Rb7+ Kg8 52.Rb8+ 1/2-1/2

[Event "15th Asian-ch"]
[Site "Chengdu CHN"]
[Date "2017.05.18"]
[Round "7"]
[White "Maghsoodloo, Parham"]
[Black "Santosh Gujrathi, Vidit"]
[Result "0-1"]
[WhiteElo "2577"]
[BlackElo "2687"]
[EventDate "2017.05.12"]
[PlyCount "120"]

1.d4 Nf6 2.c4 g6 3.g3 Bg7 4.Bg2 O-O 5.Nc3 Nc6 6.e3 d6 7.Nge2 e5 8.O-O Re8 
9.d5 Na5 10.b3 a6 11.e4 c5 12.dxc6 bxc6 13.c5 dxc5 14.Qxd8 Rxd8 15.Be3 Nb7
16.Na4 Ng4 17.Bxc5 Nxc5 18.Nxc5 Bf8 19.Rfc1 Rd2 20.Bf1 Nxh2 21.Kxh2 Bg4 
22.Kg2 Bxe2 23.Bxe2 Rxe2 24.Nd7 Rd8 25.Kf3 Rb2 26.Rd1 Bg7 27.Nc5 Rxd1 28.
Rxd1 Bf8 29.Nd3 Rxa2 30.Nxe5 Bc5 31.Nd3 Bd4 32.e5 Rc2 33.Rf1 a5 34.Ke4 Bb6
35.g4 h6 36.Kf3 Rc3 37.Ke4 Rxb3 38.Rc1 c5 39.Nxc5 Rb4+ 40.Kf3 a4 41.Nd7 
Bd4 42.Nf6+ Kg7 43.Nd5 Rb2 44.Rc4 Rxf2+ 45.Ke4 Bb2 46.Rxa4 Re2+ 47.Kf3 
Rxe5 48.Nf4 Bc1 49.Ne2 Bg5 50.Re4 Ra5 51.Ng3 Bh4 52.Ne2 Bf6 53.Nf4 Be5 54.
Nd3 Kf6 55.Rb4 Kg5 56.Re4 f6 57.Re3 Ra3 58.Ke2 Ra4 59.Kf3 Rxg4 60.Nxe5 
Rf4+ 0-1

[Event "15th Asian-ch"]
[Site "Chengdu CHN"]
[Date "2017.05.18"]
[Round "7"]
[White "Zhu Yi"]
[Black "Sethuraman, Panayapan"]
[Result "0-1"]
[WhiteElo "2328"]
[BlackElo "2633"]
[EventDate "2017.05.12"]
[PlyCount "92"]

1.d4 Nf6 2.c4 c5 3.d5 e6 4.Nc3 exd5 5.cxd5 d6 6.Nf3 g6 7.Bf4 Bg7 8.e3 O-O 
9.Be2 a6 10.a4 Bg4 11.h3 Bxf3 12.Bxf3 Qe7 13.Qb3 Nbd7 14.O-O Rab8 15.Be2 
Ne8 16.Qc2 Nc7 17.Ne4 Be5 18.Bg5 f6 19.Bh6 Rfe8 20.Nd2 Kh8 21.e4 g5 22.Bh5
Rg8 23.Nc4 Bd4 24.Kh1 Ne5 25.Ra2 Nxc4 26.Qxc4 Qxe4 27.f4 Rg6 28.fxg5 fxg5 
29.Bxg6 Qxg6 30.Bf8 Kg8 31.Bxd6 Qxd6 32.Rf5 h6 33.Ra1 Bxb2 34.Raf1 Bg7 35.
a5 Re8 36.Qg4 Re7 37.h4 Ne8 38.hxg5 hxg5 39.Rxg5 Re5 40.Rxe5 Qxe5 41.Qe6+ 
Qxe6 42.dxe6 c4 43.g4 c3 44.g5 Bf8 45.Kg2 Ba3 46.Rf2 Nc7 0-1

[Event "15th Asian-ch"]
[Site "Chengdu CHN"]
[Date "2017.05.18"]
[Round "7"]
[White "Sandipan, Chanda"]
[Black "Zhumabaev, Rinat"]
[Result "0-1"]
[WhiteElo "2575"]
[BlackElo "2625"]
[EventDate "2017.05.12"]
[PlyCount "80"]

1.d4 Nf6 2.Nf3 e6 3.Bf4 b6 4.e3 Bb7 5.Bd3 Nh5 6.Bg5 Be7 7.Bxe7 Qxe7 8.Nbd2
d6 9.c3 Nd7 10.Qa4 a6 11.Be4 d5 12.Bd3 O-O 13.O-O Nhf6 14.Rfe1 c5 15.Rac1 
Rfd8 16.b4 b5 17.Qa5 c4 18.Bc2 Ne4 19.Nxe4 dxe4 20.Qc7 exf3 21.Qxb7 fxg2 
22.a4 Rdb8 23.Qxg2 a5 24.Rb1 g6 25.axb5 axb4 26.Rxb4 Ra3 27.Be4 Rxc3 28.
Rbb1 Rb3 29.Bc6 Nb6 30.Rxb3 cxb3 31.Rb1 Qb4 32.Qg3 Rc8 33.e4 b2 34.d5 exd5
35.e5 Na4 36.e6 fxe6 37.Qe3 Qg4+ 38.Kh1 Qf5 39.Kg2 Rf8 40.Bd7 Nc5 0-1

[Event "15th Asian-ch"]
[Site "Chengdu CHN"]
[Date "2017.05.18"]
[Round "7"]
[White "Wen Yang"]
[Black "Sadorra, Julio Catalino"]
[Result "0-1"]
[WhiteElo "2607"]
[BlackElo "2575"]
[EventDate "2017.05.12"]
[PlyCount "86"]

1.c4 e6 2.g3 d5 3.Bg2 Nf6 4.Nf3 Be7 5.d4 O-O 6.Qc2 Nbd7 7.O-O c6 8.b3 Ne4 
9.Bb2 f5 10.Nbd2 a5 11.Ne1 b5 12.Ndf3 bxc4 13.bxc4 Nd6 14.c5 Nc4 15.Nd3 
Bf6 16.Bc3 Qe7 17.a4 Ba6 18.Rfb1 g5 19.e3 Qg7 20.Nd2 Nxd2 21.Bxd2 Kh8 22.
Ra3 f4 23.gxf4 Bxd3 24.Rxd3 gxf4 25.exf4 Bxd4 26.Rb7 Qg6 27.Qb1 Rg8 28.Qf1
Nxc5 29.Rxd4 Nxb7 30.Bc3 Qxg2+ 31.Qxg2 Rxg2+ 32.Kxg2 Kg8 33.Rd3 Kf7 34.Rh3
Kg6 35.Rg3+ Kf5 36.Kf3 h6 37.Rg7 Nd6 38.Be5 Rd8 39.Rc7 d4 40.Rxc6 Ne4 41.
Rc7 d3 42.Rc1 Nd2+ 43.Ke3 Nc4+ 0-1

[Event "15th Asian-ch"]
[Site "Chengdu CHN"]
[Date "2017.05.18"]
[Round "7"]
[White "Bai Jinshi"]
[Black "Tran Tuan Minh"]
[Result "1-0"]
[WhiteElo "2586"]
[BlackElo "2537"]
[EventDate "2017.05.12"]
[PlyCount "101"]

1.d4 Nf6 2.c4 e6 3.Nf3 b6 4.Nc3 Bb4 5.e3 Bb7 6.Bd3 O-O 7.O-O Bxc3 8.bxc3 
d6 9.Nd2 e5 10.a4 c5 11.d5 Nbd7 12.e4 Re8 13.a5 Nf8 14.f3 Bc8 15.Rf2 Bd7 
16.Nf1 Qc7 17.Rfa2 Reb8 18.Qe2 bxa5 19.Rxa5 Rb6 20.Qa2 a6 21.Nd2 Bc8 22.
Nb3 Rab8 23.Ra3 Ng6 24.Na5 Ne7 25.Qf2 Bd7 26.Bc2 Ne8 27.g3 f5 28.exf5 Nxf5
29.g4 Ne7 30.Bxh7+ Kxh7 31.Qh4+ Kg8 32.Qxe7 Nf6 33.Bh6 Rb1+ 34.Rxb1 Rxb1+ 
35.Kg2 Rb2+ 36.Kg3 Nh5+ 37.gxh5 Rg2+ 38.Kxg2 Bh3+ 39.Kxh3 Qxe7 40.Be3 e4 
41.Kg3 Qe5+ 42.Bf4 Qxh5 43.fxe4 g5 44.Bxd6 Qh4+ 45.Kf3 g4+ 46.Ke2 Qf6 47.
Bxc5 Qf3+ 48.Kd2 Qg2+ 49.Kd3 Qf1+ 50.Kc2 Qe2+ 51.Kb3 1-0

[Event "15th Asian-ch"]
[Site "Chengdu CHN"]
[Date "2017.05.18"]
[Round "7"]
[White "Lu Shanglei"]
[Black "Kasimdzhanov, Rustam"]
[Result "1/2-1/2"]
[WhiteElo "2619"]
[BlackElo "2698"]
[EventDate "2017.05.12"]
[PlyCount "112"]

1.e4 c6 2.Nc3 d5 3.Nf3 Bg4 4.h3 Bxf3 5.Qxf3 Nf6 6.d3 e6 7.Bd2 h5 8.O-O-O 
h4 9.Kb1 Qb6 10.Re1 d4 11.Nd1 Nbd7 12.g4 hxg3 13.Qxg3 O-O-O 14.Bg2 Nh5 15.
Qh2 Bb4 16.Bxb4 Qxb4 17.f4 e5 18.fxe5 Qe7 19.e6 fxe6 20.Bf3 Rdf8 21.Bxh5 
Rxh5 22.Ref1 Rfh8 23.Qg3 Rg5 24.Qh2 Ne5 25.Qf4 Ng6 26.Qf7 Kd8 27.h4 Rg4 
28.h5 Qxf7 29.Rxf7 Ne7 30.b4 e5 31.Rhf1 Ke8 32.a4 b5 33.axb5 cxb5 34.Kb2 
Kd7 35.Nf2 Rg2 36.Ra1 Ke6 37.Rf3 Rxh5 38.Ra6+ Kd7 39.Rxa7+ Kd6 40.Rf7 Nc6 
41.Rxg7 Rhh2 42.Rxg2 Rxg2 43.Rf7 Nxb4 44.Kb3 Ke6 45.Rc7 Kd6 46.Rf7 Nc6 47.
Rf5 Nd8 48.Nh3 Ne6 49.Rf6 Ke7 50.Rf5 Kd6 51.Rf6 Kd7 52.Rf7+ Kc6 53.Rf6 Kd7
54.Rf7+ Kd8 55.Rf2 Rg3 56.Rh2 Kd7 1/2-1/2

[Event "15th Asian-ch"]
[Site "Chengdu CHN"]
[Date "2017.05.18"]
[Round "7"]
[White "Nguyen Ngoc Truong Son"]
[Black "Utegaliev, Azamat"]
[Result "1-0"]
[WhiteElo "2632"]
[BlackElo "2522"]
[EventDate "2017.05.12"]
[PlyCount "139"]

1.d4 d5 2.Nf3 Nf6 3.c4 dxc4 4.e3 e6 5.Bxc4 a6 6.O-O c5 7.dxc5 Qxd1 8.Rxd1 
Bxc5 9.Nc3 Nbd7 10.Be2 b6 11.Nd4 Bb7 12.Nb3 Be7 13.f3 Nd5 14.Nxd5 exd5 15.
Nd4 g6 16.Bd2 O-O 17.Bf1 Rfe8 18.Rac1 Bc5 19.Kf2 Nf8 20.Nb3 Bd6 21.Bc3 Ne6
22.g3 Be7 23.h4 Red8 24.h5 f6 25.Bd3 Kf7 26.Rh1 Rh8 27.Nd4 Nc5 28.Bc2 Bd6 
29.g4 Rac8 30.g5 Be7 31.Ne2 Ne6 32.Rcg1 d4 33.Nxd4 Nxd4 34.hxg6+ hxg6 35.
Bxg6+ Kxg6 36.gxf6+ Kf5 37.Rxh8 Rxh8 38.fxe7 Re8 39.Bxd4 Rxe7 40.e4+ Ke6 
41.Rg6+ Kd7 42.Rxb6 Kc7 43.Rg6 Re8 44.Ke3 Bc6 45.b4 Kb7 46.Rg7+ Kc8 47.a3 
Re6 48.Rf7 Re8 49.Bg7 Re6 50.Rf6 Rxf6 51.Bxf6 a5 52.bxa5 Kb7 53.Bc3 Be8 
54.f4 Bd7 55.f5 Kc6 56.Kf4 Bc8 57.Bb4 Bd7 58.e5 Bc8 59.Ke4 Kb7 60.e6 Kc6 
61.Ke5 Kb5 62.f6 Bxe6 63.Kxe6 Ka4 64.f7 Kb5 65.f8=Q Ka4 66.Qc5 Kb3 67.Bd2 
Ka2 68.Qb4 Ka1 69.Bc3+ Ka2 70.Qb2# 1-0

[Event "15th Asian-ch"]
[Site "Chengdu CHN"]
[Date "2017.05.18"]
[Round "7"]
[White "Li Di"]
[Black "Sengupta, Deep"]
[Result "0-1"]
[WhiteElo "2488"]
[BlackElo "2586"]
[EventDate "2017.05.12"]
[PlyCount "138"]

1.d4 Nf6 2.c4 e6 3.Nf3 b6 4.a3 Bb7 5.Nc3 d5 6.Qc2 Be7 7.Bf4 O-O 8.Rd1 a6 
9.e3 Nbd7 10.cxd5 exd5 11.Bd3 Re8 12.h4 Nf8 13.h5 Bd6 14.Bg5 c6 15.Kf1 Rc8
16.Bf5 Ra8 17.Bh4 Bc8 18.g4 Be6 19.Ne5 Rc8 20.Rh3 Be7 21.Rf3 N6d7 22.Bg3 
Nxe5 23.Bxe5 Bd6 24.Bxd6 Qxd6 25.g5 g6 26.Bxe6 Nxe6 27.Rg3 Ng7 28.hxg6 
fxg6 29.Qe2 Rc7 30.Qg4 Rf7 31.Kg2 Nf5 32.Rh3 Qe6 33.Kg1 Qe7 34.Ne2 Nd6 35.
Ng3 Ref8 36.Rd2 a5 37.Re2 b5 38.Nf1 Ne4 39.f4 Nxg5 40.Qxg5 Qxg5+ 41.fxg5 
Rxf1+ 42.Kg2 b4 43.axb4 axb4 44.Rc2 b3 45.Rxc6 R1f2+ 46.Kg3 R8f3+ 47.Kg4 
Rxh3 48.Kxh3 Rxb2 49.Rb6 Rb1 50.Rb7 b2 51.Kg2 Kf8 52.Kh2 Ke8 53.Kg2 Kd8 
54.Kh2 Kc8 55.Rb3 Kc7 56.Kg2 Kc6 57.Rb4 Re1 58.Rxb2 Rxe3 59.Rb1 Rd3 60.Rh1
Rxd4 61.Kf3 Kd6 62.Rxh7 Ke6 63.Rg7 Kf5 64.Rd7 Kxg5 65.Ke3 Re4+ 66.Kd3 Re5 
67.Kd4 Rf5 68.Ra7 Kh4 69.Ra1 g5 0-1

[Event "15th Asian-ch"]
[Site "Chengdu CHN"]
[Date "2017.05.18"]
[Round "7"]
[White "Karthikeyan, Murali"]
[Black "Gundavaa, Bayarsaihan"]
[Result "1-0"]
[WhiteElo "2585"]
[BlackElo "2485"]
[EventDate "2017.05.12"]
[PlyCount "93"]

1.e4 e5 2.Nf3 Nc6 3.Bb5 a6 4.Ba4 Nf6 5.d3 d6 6.c3 g6 7.O-O Bg7 8.Re1 O-O 
9.Nbd2 b5 10.Bb3 Na5 11.Bc2 c5 12.Nf1 Nc6 13.Bg5 Be6 14.Ne3 h6 15.Bh4 Qd7 
16.Bb3 g5 17.Bg3 Na5 18.Bc2 Nc6 19.a3 Rad8 20.h3 Qc8 21.Rc1 Rfe8 22.b4 d5 
23.Nxe5 dxe4 24.d4 cxd4 25.Nxc6 dxe3 26.Nxd8 Rxd8 27.Qe2 exf2+ 28.Bxf2 Bc4
29.Qe3 Re8 30.Qc5 Qb7 31.Rcd1 g4 32.Bd4 gxh3 33.Re3 Qb8 34.Rxh3 Ng4 35.
Bxg7 Kxg7 36.Qf5 Qb6+ 37.Rd4 Be6 38.Qf4 f5 39.Bd1 Qb8 40.Qxb8 Rxb8 41.Rd6 
Re8 42.Bxg4 fxg4 43.Re3 Bc4 44.Kf2 Bd3 45.Kg3 Rc8 46.Kxg4 Rxc3 47.Rxa6 1-0

[Event "15th Asian-ch"]
[Site "Chengdu CHN"]
[Date "2017.05.18"]
[Round "7"]
[White "Zhou Jianchao"]
[Black "Hossain, Enamul"]
[Result "0-1"]
[WhiteElo "2617"]
[BlackElo "2452"]
[EventDate "2017.05.12"]
[PlyCount "89"]

1.Nf3 c5 2.c4 Nc6 3.Nc3 g6 4.g3 Bg7 5.Bg2 e6 6.b3 Nge7 7.Bb2 b6 8.d4 O-O 
9.dxc5 bxc5 10.Qd2 Qa5 11.O-O Rb8 12.Rfd1 Nb4 13.Ne4 d5 14.Nf6+ Kh8 15.Qf4
Nbc6 16.cxd5 Rb4 17.Qd6 Nf5 18.Qxc6 Bb7 19.Qd7 Bc8 20.Qc6 Bb7 21.Ne5 Bxc6 
22.Nxc6 Qa6 23.e4 exd5 24.Nxb4 cxb4 25.Bf1 Qe6 26.exf5 Qxf5 27.Rxd5 Qe6 
28.Rad1 Bxf6 29.Rd6 Bxb2 30.Rxe6 fxe6 31.Rd7 e5 32.Kg2 Bd4 33.f3 Bb6 34.
Re7 Rd8 35.Rxe5 Rd2+ 36.Kh3 Rxa2 37.Bc4 Rd2 38.Re8+ Kg7 39.Re7+ Kf8 40.
Rf7+ Ke8 41.Rxh7 Kd8 42.Kg4 Rd4+ 43.f4 Rxc4 44.bxc4 b3 45.Rh8+ 0-1

[Event "15th Asian-ch"]
[Site "Chengdu CHN"]
[Date "2017.05.18"]
[Round "7"]
[White "Xu Yinglun"]
[Black "Bilguun, Sumiya"]
[Result "0-1"]
[WhiteElo "2560"]
[BlackElo "2440"]
[EventDate "2017.05.12"]
[PlyCount "128"]

1.d4 d5 2.c4 e6 3.Nf3 c6 4.Bg5 Nf6 5.e3 Be7 6.Bd3 dxc4 7.Bxc4 b5 8.Bd3 a6 
9.Qc2 Bb7 10.Bxf6 Bxf6 11.Be4 Nd7 12.Nbd2 Qb6 13.O-O Be7 14.Bxh7 g6 15.
Bxg6 fxg6 16.Qxg6+ Kd8 17.Ne4 Kc7 18.Qxe6 Rae8 19.Ne5 Nxe5 20.Qxe5+ Kc8 
21.Rac1 Qc7 22.Qxc7+ Kxc7 23.f3 Kb6 24.Rfe1 Bc8 25.a3 a5 26.g3 b4 27.Nc5 
Rh5 28.axb4 axb4 29.Nd3 Bd6 30.Rc2 Ba6 31.Nf2 Reh8 32.Rec1 Bb5 33.Ne4 Be7 
34.Rd2 Ra8 35.Kg2 b3 36.g4 Rh7 37.Nc5 Rah8 38.Kg1 Bd6 39.f4 Re7 40.Rc3 Rh3
41.Rxb3 Rhxe3 42.Rxe3 Rxe3 43.f5 Re1+ 44.Kg2 Bf4 45.Rc2 Be3 46.Ne6 Bd3 47.
Rc3 Be4+ 48.Kg3 Bd5 49.Rc2 Bb3 50.Rc3 Bxe6 51.fxe6 Bxd4 52.Rc4 c5 53.Rc2 
Rxe6 54.Kf4 Kb5 55.g5 Kb4 56.h4 Kb3 57.Rg2 Bxb2 58.h5 c4 59.Rg3+ Kb4 60.
Rg2 Bg7 61.Kf5 Rc6 62.Rh2 Rc5+ 63.Kg4 c3 64.h6 Be5 0-1

[Event "15th Asian-ch"]
[Site "Chengdu CHN"]
[Date "2017.05.18"]
[Round "7"]
[White "Xu Xiangyu"]
[Black "Bersamina, Paulo"]
[Result "1-0"]
[WhiteElo "2534"]
[BlackElo "2419"]
[EventDate "2017.05.12"]
[PlyCount "123"]

1.Nf3 c5 2.c4 Nc6 3.Nc3 e5 4.g3 g6 5.h4 h5 6.d3 d6 7.Bg2 Bg7 8.Nd5 f6 9.a3
a5 10.Be3 Nge7 11.Nd2 Nxd5 12.cxd5 Ne7 13.b4 cxb4 14.axb4 Nf5 15.bxa5 Nxe3
16.fxe3 Rxa5 17.O-O Rxa1 18.Qxa1 O-O 19.Qa7 Qc7 20.Nc4 Rf7 21.Rb1 Bf8 22.
Qb6 Qd7 23.Qb5 Qd8 24.Qb6 Qd7 25.Qb5 Qd8 26.Qa5 Qd7 27.Rc1 Qc7 28.Qa1 Qd8 
29.Qa8 Rc7 30.Qb8 Qe7 31.Ra1 Bg4 32.Bf3 Rc8 33.Qa7 Bxf3 34.exf3 b5 35.Qa6 
Rc5 36.Nd2 Rxd5 37.Ne4 Rxd3 38.Qxb5 Rxe3 39.Kf2 Rxe4 40.fxe4 Qc7 41.Qd3 
Qb6+ 42.Kf3 Kh7 43.Ra8 Bg7 44.Ra6 Qg1 45.Rxd6 g5 46.hxg5 fxg5 47.Ke2 Qg2+ 
48.Kd1 h4 49.Qe2 Qg1+ 50.Kd2 g4 51.Qxg4 Qf2+ 52.Qe2 Qxg3 53.Qh5+ Kg8 54.
Rd8+ Bf8 55.Qf5 Qg7 56.Kd3 Qg3+ 57.Kc4 Qa3 58.Qe6+ Kh7 59.Qf7+ Bg7 60.Qh5+
Bh6 61.Qf5+ Kg7 62.Rd7+ 1-0

[Event "15th Asian-ch"]
[Site "Chengdu CHN"]
[Date "2017.05.18"]
[Round "7"]
[White "Atabaev, Yusup"]
[Black "Lalith Babu, Musunuri Rohit"]
[Result "0-1"]
[WhiteElo "2455"]
[BlackElo "2529"]
[EventDate "2017.05.12"]
[PlyCount "68"]

1.e4 Nf6 2.e5 Nd5 3.c4 Nb6 4.c5 Nd5 5.d4 d6 6.cxd6 exd6 7.Nf3 dxe5 8.dxe5 
Bb4+ 9.Bd2 O-O 10.Bc4 Nc6 11.O-O Bg4 12.h3 Bxf3 13.Qxf3 Nb6 14.Bxb4 Nxb4 
15.Bb3 a5 16.e6 fxe6 17.Qxb7 N6d5 18.Nc3 c6 19.Bxd5 exd5 20.Na4 Rb8 21.Qa7
Nd3 22.Qe3 Nf4 23.Kh2 Qd6 24.g3 Rbe8 25.Qc3 Qh6 26.gxf4 Qxf4+ 27.Kh1 Qxa4 
28.Rg1 Qe4+ 29.Rg2 d4 30.Qg3 g6 31.Rd1 c5 32.Qd3 Qd5 33.Kg1 c4 34.Rxg6+ 
Kf7 0-1

[Event "15th Asian-ch"]
[Site "Chengdu CHN"]
[Date "2017.05.18"]
[Round "7"]
[White "Batchuluun, Cegmed"]
[Black "Sriram, Jha"]
[Result "1-0"]
[WhiteElo "2525"]
[BlackElo "2390"]
[EventDate "2017.05.12"]
[PlyCount "95"]

1.d4 d5 2.c4 c6 3.Nf3 Nf6 4.e3 Bf5 5.Nc3 e6 6.Nh4 Be4 7.f3 Bg6 8.Qb3 Qc7 
9.Bd2 Be7 10.g3 a6 11.Rc1 dxc4 12.Bxc4 Nbd7 13.O-O O-O 14.Nxg6 hxg6 15.Ne4
Rad8 16.Bxe6 fxe6 17.Qxe6+ Rf7 18.Ng5 Rf8 19.e4 Nh7 20.Nxf7 Rxf7 21.Qxg6 
Qb6 22.Bc3 Bf6 23.Rcd1 Ndf8 24.Qf5 Bd8 25.Qc5 Qc7 26.d5 Ng5 27.Qe3 cxd5 
28.Rxd5 Nge6 29.Kg2 b5 30.a3 Qb7 31.f4 Bb6 32.Qe2 Nc7 33.Rd2 Qc6 34.Qf3 
Nfe6 35.e5 Qc4 36.Qd3 Qc6+ 37.Qf3 Qc4 38.h4 a5 39.Qd3 Qc6+ 40.Kh2 Nc5 41.
Qf3 Qe8 42.Rd6 Na4 43.Rfd1 Ne6 44.Qc6 Qxc6 45.Rxc6 Nec5 46.Rd5 Ne4 47.Be1 
Rb7 48.Kg2 1-0

[Event "15th Asian-ch"]
[Site "Chengdu CHN"]
[Date "2017.05.18"]
[Round "7"]
[White "Liu Yan"]
[Black "Tabatabaei, Mohammadamin"]
[Result "1/2-1/2"]
[WhiteElo "2413"]
[BlackElo "2521"]
[EventDate "2017.05.12"]
[PlyCount "67"]

1.d4 e6 2.Nf3 Nf6 3.e3 b6 4.Bd3 Bb7 5.c4 d5 6.O-O Nbd7 7.b3 Be7 8.Nc3 dxc4
9.bxc4 c5 10.Bb2 cxd4 11.exd4 O-O 12.Qe2 Re8 13.Rfd1 Qc7 14.Ne5 Rad8 15.
Rac1 Qb8 16.Bc2 Rc8 17.f4 Nf8 18.Ne4 Nxe4 19.Bxe4 Ng6 20.Qf3 Bxe4 21.Qxe4 
f5 22.Qf3 Nxe5 23.dxe5 Qc7 24.Ba3 Bc5+ 25.Bxc5 Qxc5+ 26.Qf2 Qa3 27.Qg3 
Qxg3 28.hxg3 Rc7 29.a4 Kf7 30.Rd6 Rc5 31.Kf2 Ra5 32.Ra1 Rc8 33.Rd4 Ke7 34.
Ke3 1/2-1/2

[Event "15th Asian-ch"]
[Site "Chengdu CHN"]
[Date "2017.05.18"]
[Round "7"]
[White "Liu Guanchu"]
[Black "Fang Yuxiang"]
[Result "1/2-1/2"]
[WhiteElo "2448"]
[BlackElo "2493"]
[EventDate "2017.05.12"]
[PlyCount "51"]

1.e4 e6 2.d4 d5 3.exd5 exd5 4.Nf3 Nf6 5.Bd3 Bd6 6.Qe2+ Qe7 7.Qxe7+ Kxe7 8.
O-O Re8 9.Nc3 c6 10.Re1+ Kf8 11.Bd2 Nbd7 12.h3 h6 13.Ne2 Nb6 14.Bf4 Bxf4 
15.Nxf4 Na4 16.b3 Nc3 17.Ne5 g5 18.Ne2 Nxe2+ 19.Rxe2 Be6 20.g4 Nd7 21.Rae1
Nxe5 22.Rxe5 Bd7 23.Kg2 f6 24.Rxe8+ Rxe8 25.Rxe8+ Kxe8 26.f4 1/2-1/2

[Event "15th Asian-ch"]
[Site "Chengdu CHN"]
[Date "2017.05.18"]
[Round "7"]
[White "Gomez, John Paul"]
[Black "Chen Fan"]
[Result "1/2-1/2"]
[WhiteElo "2474"]
[BlackElo "2326"]
[EventDate "2017.05.12"]
[PlyCount "145"]

1.c4 c6 2.e4 d5 3.exd5 cxd5 4.cxd5 Nf6 5.Nc3 Nxd5 6.Nf3 Nc6 7.d4 Bg4 8.Qb3
Bxf3 9.gxf3 e6 10.Qxb7 Nxd4 11.Bb5+ Nxb5 12.Qc6+ Ke7 13.Qxb5 Qd7 14.Nxd5+ 
Qxd5 15.Qe2 g6 16.Bd2 Bg7 17.Bb4+ Ke8 18.O-O Rb8 19.Ba3 Qf5 20.Kh1 Qf4 21.
Rfe1 Bf8 22.Qd3 Bxa3 23.Qxa3 Qb4 24.Qxa7 Kf8 25.b3 Kg7 26.Re4 Qc3 27.Qd4+ 
Qxd4 28.Rxd4 Rhc8 29.Rad1 Rb5 30.f4 Ra8 31.R1d2 Ra3 32.b4 Ra4 33.Rb2 Rba5 
34.Kg2 Ra6 35.Rd7 Rb6 36.Rd4 Rba6 37.Rd3 Rxa2 38.Rxa2 Rxa2 39.Rb3 Kf6 40.
b5 Ra7 41.Kf3 Ke7 42.Ke4 Kd6 43.b6 Rb7 44.Rd3+ Ke7 45.Rb3 f6 46.Kd4 Kd6 
47.Kc4 Kc6 48.Re3 Re7 49.Rb3 Rd7 50.Re3 Rd6 51.Rh3 h5 52.Rg3 Rd5 53.Rxg6 
Rf5 54.Kd3 Rxf4 55.Ke3 Rf5 56.f4 Kxb6 57.Ke4 Kc6 58.h4 Kd6 59.Rh6 Ke7 60.
Rh7+ Kf8 61.Ra7 Rb5 62.Kf3 Kg8 63.Re7 Rb6 64.Ra7 Rb1 65.Kg2 Rb4 66.Kf3 
Rb3+ 67.Kg2 Re3 68.Rb7 Re1 69.Ra7 e5 70.fxe5 Rxe5 71.Kf3 Rf5+ 72.Ke4 Rf1 
73.Ra5 1/2-1/2

[Event "15th Asian-ch"]
[Site "Chengdu CHN"]
[Date "2017.05.18"]
[Round "7"]
[White "Yeoh Li Tian"]
[Black "Zhang Ziji"]
[Result "1/2-1/2"]
[WhiteElo "2470"]
[BlackElo "2312"]
[EventDate "2017.05.12"]
[PlyCount "100"]

1.e4 c5 2.c3 d5 3.exd5 Qxd5 4.d4 Nf6 5.Nf3 Nc6 6.Be2 e6 7.Na3 cxd4 8.Nb5 
Qd8 9.Nbxd4 Nxd4 10.Qxd4 Qxd4 11.Nxd4 Bc5 12.Nb3 Bd6 13.O-O Bd7 14.Rd1 Bc7
15.Be3 Nd5 16.Bd4 Bc6 17.Bf3 Rg8 18.Bc5 Bb6 19.Bxb6 axb6 20.Nd4 O-O-O 21.
Kf1 Kc7 22.g3 e5 23.Nxc6 bxc6 24.a4 f5 25.Be2 Rd7 26.Bc4 Ra8 27.Bb3 g6 28.
Re1 e4 29.Rad1 Rad8 30.h3 Rd6 31.Rd4 c5 32.Rdd1 c4 33.Bc2 Nf6 34.Rxd6 Rxd6
35.Ke2 Kc6 36.Ra1 Rd8 37.a5 Ra8 38.a6 Ra7 39.Ke3 Kc5 40.Kf4 h6 41.b4+ Kd6 
42.Ke3 Nd5+ 43.Kd4 b5 44.g4 Nc7 45.gxf5 gxf5 46.f3 exf3 47.Bxf5 Rxa6 48.
Rxa6+ Nxa6 49.Ke3 Nc7 50.Be4 Nd5+ 1/2-1/2

[Event "15th Asian-ch"]
[Site "Chengdu CHN"]
[Date "2017.05.18"]
[Round "7"]
[White "Wang Yiye"]
[Black "Xu Yi"]
[Result "1/2-1/2"]
[WhiteElo "2421"]
[BlackElo "2456"]
[EventDate "2017.05.12"]
[PlyCount "36"]

1.d4 Nf6 2.Bf4 d5 3.e3 c5 4.c3 Nc6 5.Nd2 e6 6.Ngf3 cxd4 7.cxd4 Bd6 8.Bxd6 
Qxd6 9.Bd3 O-O 10.O-O Bd7 11.a3 Rfc8 12.Qe2 Rc7 13.Rfc1 Rac8 14.Rc2 Ne7 
15.Rac1 Rxc2 16.Rxc2 Rxc2 17.Bxc2 Qb6 18.Nb1 Bb5 1/2-1/2

[Event "15th Asian-ch"]
[Site "Chengdu CHN"]
[Date "2017.05.18"]
[Round "7"]
[White "Zhao Yuanhe"]
[Black "Atabaev, Maksat"]
[Result "1-0"]
[WhiteElo "2383"]
[BlackElo "2519"]
[EventDate "2017.05.12"]
[PlyCount "100"]

1.d4 e6 2.Nf3 b6 3.e4 Bb7 4.Bd3 c5 5.c3 Nf6 6.Qe2 d5 7.e5 Nfd7 8.O-O Be7 
9.Nbd2 Nc6 10.a3 a5 11.Re1 Qc8 12.Qe3 Ba6 13.Bb1 a4 14.Qf4 g6 15.Nf1 h6 
16.h4 Na5 17.Be3 Nb3 18.Ra2 Qc6 19.N1h2 Na5 20.Ng4 Bf8 21.Bc2 Nc4 22.Bc1 
Bb5 23.Ra1 Qc7 24.Rb1 Bg7 25.h5 g5 26.Nxg5 hxg5 27.Qxg5 Bf8 28.h6 Qd8 29.
Qh5 cxd4 30.Bf5 Qc7 31.Bxe6 O-O-O 32.Bxf7 dxc3 33.bxc3 Bc6 34.Bg5 Bxa3 35.
e6 Nb8 36.e7 Rde8 37.Bf6 Bxe7 38.Bxe8 Bxe8 39.Qg5 Bd8 40.Qg7 Qxg7 41.hxg7 
Rg8 42.Nh6 Rxg7 43.Bxg7 Bg6 44.Ra1 Bc2 45.f4 b5 46.f5 Nd7 47.Re6 Bb6+ 48.
Kh1 Kc7 49.f6 d4 50.f7 Nd6 1-0